[Event "Vienna op"]
[Site "Vienna"]
[Date "1986.??.??"]
[Round "?"]
[White "Nunn, John DM"]
[Black "Hoelzl, Franz"]
[Result "1-0"]
[WhiteElo "2585"]
[BlackElo "2370"]
[Annotator "Nunn,J"]
[PlyCount "81"]
[EventDate "1986.11.??"]
[EventType "swiss"]
[EventRounds "9"]
[EventCountry "AUT"]
[SourceTitle "CBM 001"]
[Source "ChessBase"]
[SourceDate "2004.01.01"]
[SourceVersion "1"]
[SourceVersionDate "2004.01.01"]
[SourceQuality "1"]

1. e4 c5 2. Nf3 d6 3. d4 cxd4 4. Nxd4 Nf6 5. Nc3 a6 6. Be3 e5 {The current
trend is towards answering the Be3 system by ...e6, but some players, notably
Portisch, prefer to play ...e5.} 7. Nf3 {The two lines 7 Nb3 and 7 Nf3 are
about equally important. The former aims for an eventual kingside attack,
while 7 Nf3 is more positional and intends to eliminate any counterplay by
Black.} Qc7 8. a4 Be7 9. a5 O-O 10. Be2 Be6 {Chandler-Portisch, London 1986
continued 10...Nc6 11 Bb6 Qd7 12 Nd2 (to meet ...Bd8 by Nc4) d5, but White
still had a slight advantage (although he lost the game). Holzl prefers the
traditional development by ...Nbd7.} (10... Nc6 11. Bb6 Qd7 12. Nd2 d5) 11. O-O
Nbd7 $6 {A provocative move. Black normally prefers 11...h6 to stop Ng5, and
only then ...Nbd7,} ({for example} 11... h6 12. Nd5 Nxd5 13. exd5 Bf5 14. c4
Nd7 15. b4 Bh7 16. Rc1 Rac8 17. Qb3 {with a slight plus for White, Nunn-Howell,
London 1985.}) 12. Ng5 Bc4 {The alternative is to allow White to take on e6,
but the central pawn mass would be well blockaded and the e6 pawn could be
subject to attack by Bg4.} 13. Ra4 Bxe2 14. Qxe2 Rac8 {A game Hubner-Portisch,
match 1980 had continued 14...Rfc8 15 Nf3 Qc6 16 Rd1 with the same general
type of position as in this game. Although the Hubner game ended in a draw,
White held some advantage from the opening.} 15. Rd1 Rfd8 16. Nf3 Qc6 {Black
has few constructive moves (...Nc5 is met by Rc4), but it is hard for White to
find any way to improve his position, for example 17 Nd2? allows Black to
break out by 17...d5!, or 17 Ne1 Bf8 18 Nd3 (for Nb4-d5) d5! again.} 17. h3 {
With the slow plan of Nh2-f1,Bc1 and Ne3 taking total control of d5. This plan
appears convoluted, but it retains sufficient control of d5 at all times to
prevent Black breaking out by playing ...d5 himself.} h6 $6 {Making sure that
White cannot play Bg5 to exchange one piece capable of covering d5, but in
fact this allows White to change plan.} 18. Nh4 {Of course! Now that Black
cannot play ...g6 White can occupy f5.} Nf8 19. Nf5 Ng6 20. Qf3 {Black must
meet the threat of 21 Bxh6 gxh6 22 Nxe7+ winning a pawn.} Qe8 {Not only
meeting the threat, but also creating his own threat of 21...Rxc3.} 21. Bb6 {
Now 21...Rxc3 22 Qxc3 Qxa4 loses to 23 Nxe7+, so Black must play ...Rd7, but
this cuts out the threat of ...Rxc3.} Rd7 22. g3 Rc6 23. h4 {Although this
does not create any direct threat, it is annoying for Black to have to
calculate the consequences of h5 in every variation.} h5 $6 {The h5 pawn is
weak and if White exchanges off the defender by Nd5 Black will have no way to
defend it. First of all White must defend the c2 pawn, then Nd5 will be a
genuine threat.} 24. Rd2 Bd8 25. Be3 Rxc3 {Since Black has no normal defence
to the threat of Nd5, he decides to sacrifice material to activate his pieces.
This should be insufficient, but it requires a few accurate moves from White.}
26. bxc3 d5 27. Qd1 $1 ({Not} 27. exd5 e4 28. Qg2 Qe5 {and Black's pieces
become very active. After 27 Qd1 White threatens 28 Bg5 followed by Bxf6 and
Rxd5.}) 27... d4 (27... dxe4 28. Rxd7 Nxd7 29. Qd6 $18) ({and even} 27... Qe6
28. Bg5 Nxe4 29. Rxe4 Qxf5 30. Rxd5 Rxd5 31. Qxd5 Bxg5 32. hxg5 Qxg5 {must be
a win in the long run.}) 28. cxd4 Nxe4 29. Rd3 {Black's counterplay is over,
since 29...Qe6 may be met by 30 dxe5.} Bf6 30. d5 Nd6 31. Nxd6 Rxd6 32. Re4 Qd7
33. Bc5 Qf5 34. Qe2 Rd7 35. c4 Qh3 {Setting the final trap 36 Qxh5? Nf4.} 36.
Bb6 Be7 37. c5 f5 38. Rxe5 Nxe5 39. Qxe5 {To prevent Qe6+ Black has to give up
another pawn.} f4 40. Qxf4 Bf8 41. Rf3 1-0

[Event "Tata Steel-A 77th"]
[Site "Wijk aan Zee"]
[Date "2015.01.10"]
[Round "1"]
[White "So, Wesley"]
[Black "Wojtaszek, Radoslaw"]
[Result "1/2-1/2"]
[WhiteElo "2762"]
[BlackElo "2744"]
[Annotator "Pavlovic,M"]
[PlyCount "139"]
[EventDate "2015.01.10"]
[EventType "tourn"]
[EventRounds "13"]
[EventCountry "NED"]
[EventCategory "20"]
[SourceTitle "CBM 165"]
[Source "ChessBase"]
[SourceDate "2015.03.11"]
[SourceVersion "1"]
[SourceVersionDate "2015.03.11"]
[SourceQuality "1"]

1. e4 c5 2. Nf3 d6 3. d4 cxd4 4. Nxd4 Nf6 5. Nc3 a6 6. Be3 e5 7. Nb3 Be6 8. f3
h5 {Preventing g4 at least for the moment. This is an immensly complicated
line, White has many options, as does Black. We are heading towards popular
and sharp lines.} 9. Nd5 Bxd5 10. exd5 Nbd7 11. Be2 g6 12. Qd2 Bg7 13. O-O {
Not the only move for White; there are a few interesting possibilities as well:
} (13. Na5 Qc7 14. c4 e4 $5 15. O-O (15. f4 Ng4 16. Bxg4 hxg4 17. O-O Nc5 18.
f5 Be5 19. g3 gxf5 20. Rxf5 f6 21. Raf1 O-O-O $17) 15... exf3 16. gxf3 O-O 17.
b4 Rfe8 18. Rac1 {now Black sacrificed an exchange recently in two games:} Rxe3
$5 19. Qxe3 Re8 20. Qd2 Kh7 (20... Qb6+ 21. Kh1 Bh6 22. f4 Ne4 23. Qe1 Nef6 24.
Rb1 Ng4 25. Qd2 Nf2+ $5 (25... Ne3 26. Rf3 Ng4 27. Rff1 Ne3 28. Rf3 Ng4 29.
Rff1 {1/2-1/2 (29) Kryvoruchko,Y (2706)-Areshchenko,A (2655) Lviv 2014}) 26.
Kg2 Ne4 27. Qc2 Nc3 28. Qxc3 Rxe2+ 29. Kh1 Bg7 30. Qf3 Rxa2 $44) 21. Nb3 Bh6
22. f4 Ne4 23. Qe1 Ndf6 24. Bd3 Qd7 25. Rc2 Qh3 $44 {1/2-1/2 (37) Caruana,F 
(2844)-Gelfand,B (2748) Baku 2014}) (13. O-O-O $5 {This is a very sharp idea
tested just recently:} Qc7 14. Kb1 O-O 15. g4 $1 Rfc8 16. Rc1 hxg4 17. fxg4 Ne4
$5 (17... a5 18. g5 Ne4 19. Qd3 Nec5 20. Nxc5 Nxc5 21. Qd1 Qe7 (21... e4 $5 22.
Bd4 (22. h4 Bxb2 $1 $19) (22. c3 b5 (22... a4 23. a3 Nb3 24. Rc2 $16) 23. h4 b4
24. Bd4 $36) 22... Nd3 $1 23. Bxg7 Nxc1 24. Bf6 Nxe2 25. Qxe2 Qc4 $13) (21...
a4 22. a3 e4 23. h4 {similar to the game}) 22. h4 a4 23. a3 e4 24. h5 Qe5 25.
c3 $16 Nb3 26. Rc2 Qg3 27. Qg1 Qxg1+ 28. Rxg1 $14 {1-0 (54) Dominguez Perez,L 
(2726)-Bacrot,E (2718) Beijing (rapid) 2014}) 18. Qd3 Ndc5 19. Nxc5 Nxc5 20.
Qd1 Ne4 21. Qe1 (21. Bd3 Nc3+ $1 $17) 21... a5 22. c4 a4 23. h4 a3 24. b3 Qe7
25. h5 Nc5 26. Rc2 e4 27. h6 Be5 $13) 13... b6 14. Rae1 O-O 15. c4 Rc8 16. h3 {
White has to prevent certain ideas.} (16. Na1 e4 17. f4 Ng4 $13) 16... Nh7 17.
Na1 $5 {Perhaps new at this moment but not as an idea. White wants to play b4
Nb3 or Nc2-Nb4.} a5 18. Nc2 Bf6 19. Na3 Bh4 20. Rb1 f5 21. Nb5 {We have got to
a position which both players wanted.} f4 22. Bf2 Bxf2+ 23. Rxf2 Nc5 24. Qc2
Qf6 25. b3 {With the obvious idea a3 b4.} Ng5 26. Bd3 (26. a3 e4 $1 27. b4 axb4
28. axb4 e3 29. Rff1 Nd7 30. Ra1 Ra8 $13) 26... Kg7 27. a3 Nf7 {A possible
pawn sacrifice, but it seems it doesn't work.} (27... e4 28. Bxe4 Rce8 29. Bd3
Re3 30. Bf1 {all the black pieces are on good squares but with b4 in the air
White is in a position to repulse the pressure and remain a pawn up.}) 28. b4
Nxd3 29. Qxd3 Qf5 $1 30. Qxf5 gxf5 31. Rc2 Kf6 {It looked better to take on b4
at once:} (31... axb4 32. Rxb4 (32. axb4 Kf6 $13) 32... Rc5 33. a4 Ra8 34. Kf2
Kf6 $11) 32. bxa5 $1 bxa5 33. Na7 Rb8 34. Rb5 $1 a4 35. Nc6 Rbc8 36. c5 dxc5
37. Rb6 $14 Nd6 $1 38. Na5 Ke7 39. Nc6+ Kf6 40. Na7 Rcd8 41. Rxc5 e4 {Black
defends well; he now opens up the e5-square for the king.} 42. Ra5 Rd7 43. Raa6
Ke5 44. Nc6+ Kxd5 45. Ra5+ Ke6 46. fxe4 ({The alternative was far more
challenging:} 46. Nd4+ $1 Ke7 47. Re5+ Kf7 48. Ra6 Rb8 49. Nxf5 Nc4 $1 50. Nh6+
Kg7 51. Rg5+ Kh7 52. Nf5 Rb1+ 53. Kh2 Nb6 $1 $14 {Black is holding but just
with computer accuracy.}) 46... fxe4 47. Rxh5 Rf6 48. Nd4+ Ke7 49. Nc6+ Ke6 50.
Nd4+ Ke7 51. Re5+ Kf7 52. Rd5 Ke8 {White still has pressure but Black's
chances of finding the right moves are rather high.} 53. Rb8+ Kf7 54. Nb5 Ke6
55. Nc3 f3 $1 {Now Black is not even worse any longer.} 56. Rb6 Rg6 57. g4 Rh6
58. Kh2 f2 59. Rf5 e3 60. Kg2 Rc7 61. Nd5 Kd7 62. Re5 Rc5 63. Rb1 Nc4 $1 $19 {
White pushed really hard only to find himself in a serious problem now. Such a
dramatic game where every move can bring advantage to either side!} 64. Rf5 Kd6
65. Rb8 Re6 $2 {The last mistake and after which the game ends in a draw.} (
65... Rxd5 $1 66. Rd8+ Ke7 67. Rdxd5 Re6 $1 68. Rxf2 e2 $1 69. Rxe2 Rxe2+ 70.
Kg1 Re3 $19) 66. Rd8+ Kc6 67. Rc8+ Kd6 68. Rd8+ Kc6 69. Rc8+ Kd6 70. Rd8+ {
A very fighting game in which both sides made mistakes, but a really
interesting one.} 1/2-1/2

[Event "Bundesliga 0304"]
[Site "Germany"]
[Date "2004.02.14"]
[Round "8.3"]
[White "Pelletier, Yannick"]
[Black "Kempinski, Robert"]
[Result "1-0"]
[WhiteElo "2604"]
[BlackElo "2561"]
[Annotator "Pelletier,Y"]
[PlyCount "59"]
[EventDate "2003.11.01"]
[EventType "team-tourn"]
[EventRounds "15"]
[EventCountry "GER"]
[SourceTitle "EXT 2005"]
[Source "ChessBase"]
[SourceDate "2004.11.15"]
[SourceVersion "1"]
[SourceVersionDate "2004.11.15"]
[SourceQuality "1"]
[WhiteTeam "Werder Bremen"]
[BlackTeam "Hamburger SK"]
[WhiteTeamCountry "GER"]
[BlackTeamCountry "GER"]

1. e4 c5 2. Nf3 d6 3. d4 cxd4 4. Nxd4 Nf6 5. Nc3 a6 6. f3 e5 7. Nb3 Be6 8. Be3
Be7 9. Qd2 O-O 10. O-O-O Nbd7 11. g4 Qc7 12. Kb1 Rfc8 {Diese Variante habe ich
auch gründlich auf der schwarzen Seite studiert.} 13. Qf2 b5 14. g5 Nh5 15. h4
Rcb8 16. f4 $5 {Ein seltener aber interessanter Zug in dieser Stellung. Weiss
strebet die Bauernstruktur an, die nach dem 20.Zug der Partie vorkommt.} exf4 (
16... b4 17. Nd5 Bxd5 18. Rxd5 Nb6 19. Ra5 $6 {wurde in einer Partie
Bacrot-Gelfand, Albert m/4 2002 gespielt, aber 19.Rd1 ist vorzuziehen.}) 17.
Bxf4 Nxf4 (17... Nb6 18. Nd5 {ändert kaum was.}) 18. Qxf4 Nb6 $6 ({Ftacnik
spielt 2001 gegen Stocek besser:} 18... Ne5 {Der Springer gehört nämlich auf
diesem zentralen Feld.}) 19. Nd5 ({Möglich war auch} 19. Bd3 g6 (19... b4 20.
Nd5 Bxd5 21. exd5 $40) 20. h5 $40) 19... Bxd5 20. exd5 a5 21. Nd4 ({Während
der Partie zögerte ich zwischen dem Textzug und der kräftigeren Fortsetzung} 
21. Bd3 $1 a4 22. Nd4 a3 23. Nc6 $16) 21... Nxd5 22. Qe4 Nb4 ({Nach} 22... Nb6
23. Bd3 $1 g6 24. h5 {ist der Angriff sehr stark, z.B:} Bxg5 25. hxg6 hxg6 26.
Rdg1 $1 (26. Ne6 Qe7 27. Rdg1 Qxe6 28. Qxe6 fxe6 29. Rxg5 Ra7 30. Rxg6+ Rg7 31.
Rxe6 $14) (26. Qf3 $5) 26... Re8 27. Qg2 Qc5 28. Nb3 $18) 23. Nxb5 (23. c3 d5 (
23... Na6 24. Bd3 g6 25. Nxb5 Qd7 26. Bc4 $1 $18) 24. Qf3 Nc6 25. Nxb5 $16)
23... Qd7 (23... Qc5 24. c3 Nc6 25. Rd5 Qb6 26. Bd3 g6 27. h5 $18) (23... Qd8
24. c3 Na6 25. Bc4 $18) 24. c3 Nc6 (24... Na6 25. Bd3 g6 26. Bc4 (26. h5 Nc5
27. Qh4 h6 28. hxg6 Bxg5 29. gxf7+ Kf8 30. Qd4 Nxd3 31. Qh8+ Kxf7 (31... Ke7
32. Rhe1+ Nxe1 33. Rxe1+ $18) 32. Qh7+ Ke8 33. Rhe1+ Nxe1 34. Rxe1+ Qe7 35.
Nc7+ $18) 26... Nc5 27. Qd5 Ne6 28. Rhe1 $18 (28. a4 $18)) 25. Bh3 (25. h5 Bxg5
$1 26. Rxd6 $2 (26. Nxd6 $142 $16) {funktionniert nicht wegen} 26... Qe7 27.
Qxc6 Qe1+ 28. Kc2 Qf2+ (28... Qc1+ 29. Kb3 a4+ 30. Ka3 Be7 31. h6 $1 Rc8 $44)
29. Kb1 Qe1+ 30. Kc2 Qf2+ 31. Kb1 $11) 25... Qb7 26. a4 {Nach diesem Zug
riskiert Weiss nichts mehr am Damenflügel und hat freie Hand für seinen
eigenen Angriff.} Qb6 $6 (26... Ra6 27. h5 (27. Rhf1 Rf8 $16 28. Be6 $140 $2
fxe6 29. Qxe6+ Kh8 30. Rxf8+ Bxf8 31. Nxd6 Nd8 $1) 27... Bxg5 28. Rxd6 $16) 27.
h5 Ne5 (27... Bxg5 28. Rxd6) 28. g6 {Es ist bereits aus.} hxg6 (28... fxg6 29.
hxg6 h6 30. Be6+ Kh8 31. Qf4 Bf8 32. Rxd6 Nxg6 33. Qg5 $18) (28... Kh8 29. gxf7
Rf8 30. h6 g6 31. Rhf1 $18) (28... Re8 29. gxf7+ Nxf7 30. Be6 Bf6 31. Bxf7+
Kxf7 32. Qd5+ Kf8 33. h6 $18) 29. hxg6 Nxg6 (29... Bf6 30. gxf7+ Kxf7 31. Rxd6)
30. Qxg6 {Leicht, aber immer hübsch!} 1-0

[Event "Bundesliga 0405"]
[Site "Germany"]
[Date "2004.12.11"]
[Round "5.2"]
[White "Pelletier, Yannick"]
[Black "Kempinski, Robert"]
[Result "1-0"]
[WhiteElo "2589"]
[BlackElo "2608"]
[Annotator "Pelletier,Y"]
[PlyCount "72"]
[EventDate "2004.11.12"]
[EventType "team-tourn"]
[EventRounds "15"]
[EventCountry "GER"]
[SourceTitle "CBM 105"]
[Source "ChessBase"]
[SourceDate "2005.04.11"]
[SourceVersion "1"]
[SourceVersionDate "2005.04.11"]
[SourceQuality "1"]
[WhiteTeam "Werder Bremen"]
[BlackTeam "Hamburger SK"]
[WhiteTeamCountry "GER"]
[BlackTeamCountry "GER"]

1. e4 c5 2. Nf3 d6 3. d4 cxd4 4. Nxd4 Nf6 5. Nc3 a6 6. f3 Nbd7 {Eine Rarität.
Nach der unglücklichen Erfahrung der letzten Saison mit 6...e5 und wegen des
an der Olympiade bereits erprobten 6...Qb6, entschied sich Robert für etwas
anderes. Gerechtigkeit verlangt nun wohl, dass er unsere nächste Partie als
Weißer eröffnet!} 7. g4 h6 8. Be3 d5 {Das ist die Idee, aber besonders
vertrauenserweckend sieht das Ganze nicht aus.} 9. Nxd5 Nxd5 10. exd5 Qa5+ (
10... Ne5 11. c4 {wäre ein sehr spekulatives Bauernopfer.}) 11. Qd2 Qxd5 12.
Bg2 $1 {Somit kommt Weiß in Vorteil.} (12. c4 Qd6) 12... e6 (12... e5 13. f4 e4
(13... Qc4 14. Nf5 $1) 14. h3 $16 (14. Nb3 Qxd2+ 15. Nxd2 Nf6 16. h3 Nd5) (14.
Ne2 Qxd2+ 15. Bxd2 Bc5 $1)) 13. f4 Qc4 14. O-O-O $1 Bb4 $6 (14... Qxa2 {
ist gefährlich, aber agesichts der Problem in der Partiefortsetzung lohnte es
sich wohl, den Bauernraub zu versuchen. Nach} 15. Nb3 Qa4 {ist} 16. Qc3 {
am besten.} (16. Kb1 Bb4 17. Qd4 O-O 18. g5 (18. Bd2 a5 19. Bc3 f6 $13) 18...
hxg5 19. fxg5 Qb5) 16... Qb4 (16... Be7 $6 {gibt Weiß einen sehr starken
Angriff:} 17. Rd4 Qb5 (17... Qa2 18. Kd2) 18. Rc4 O-O 19. Nd4 Qb6 {(/\ Bf6)}
20. g5 $1 $40 hxg5 $140 $2 21. Nc6 Bf6 22. Bxb6 Bxc3 23. Ne7+ Kh7 24. Rxc3 $18)
17. Qc7 $1 Be7 18. Rd4 Qb6 19. Qc3 Qd8 20. Rd3 Bf6 21. Qc4 {und Weiß besitzt
ausgezeichnete Kompensation für den geopferten Bauern.}) 15. c3 O-O (15... Be7
16. Kb1 O-O 17. h4 $40) 16. h4 $5 (16. Kb1 Be7 17. h4) 16... e5 (16... Be7 17.
b3 $5 Qc7 18. g5) 17. Nc2 Bc5 (17... Be7 18. g5) 18. Bd5 Bxe3 19. Nxe3 Qc5 (
19... Qxf4 20. Rdf1 Qa4 (20... Qg3 21. Nf5) 21. g5 $18) 20. f5 Nb6 (20... Nf6
21. g5) 21. g5 h5 (21... Nxd5 22. Nxd5 Bxf5 23. b4 $18) 22. Qe2 (22. g6 $2 Nxd5
23. Nxd5 fxg6 (23... Bxf5 24. b4 Qd6 25. Qg5) 24. fxg6 Bg4 25. Qg5 Rae8 $132)
22... Nxd5 $6 $138 (22... Bd7 23. Rhe1 $18) 23. Rxd5 Qc6 (23... Qb6 24. Rhd1)
24. Rhd1 ({Sauberer gewann} 24. Qxh5 g6 25. Qh6 $18) 24... Qa4 25. c4 (25. Qxh5
$6 Bxf5) (25. Rd8 $1 $18) 25... Qxa2 26. Rxe5 (26. Qxh5 $2 Bxf5 $1) 26... Bd7
$6 (26... Qa1+ 27. Kc2 Qa4+ 28. Kb1 Re8 29. Rdd5 $18) 27. Rxd7 Qa1+ 28. Kd2
Qxb2+ 29. Nc2 $18 Rad8 30. Rxd8 Rxd8+ 31. Rd5 Qb6 32. g6 Rxd5+ 33. cxd5 fxg6
34. Qe6+ Qxe6 35. fxe6 Kf8 36. d6 g5 $138 1-0

[Event "Reykjavik zt"]
[Site "Reykjavik"]
[Date "1995.??.??"]
[Round "4"]
[White "Hansen, Sune Berg"]
[Black "Petursson, Margeir"]
[Result "1/2-1/2"]
[WhiteElo "2460"]
[BlackElo "2535"]
[Annotator "Petursson,M"]
[PlyCount "57"]
[EventDate "1995.03.??"]
[EventType "swiss"]
[EventRounds "11"]
[EventCountry "ISL"]
[SourceTitle "CBM 047"]
[Source "ChessBase"]
[SourceDate "1995.08.01"]
[SourceVersion "1"]
[SourceVersionDate "1995.08.01"]
[SourceQuality "1"]

1. e4 {Ernst} c5 2. Nf3 d6 3. d4 cxd4 4. Nxd4 Nf6 5. Nc3 g6 6. Bc4 Bg7 7. O-O
O-O 8. Bb3 a6 $6 {[#]} (8... Nc6) 9. Re1 (9. a4 {Ernst}) (9. Bg5 {Ernst}) 9...
b5 10. a4 $1 b4 11. Nd5 Bb7 12. Bg5 e6 {[#]} 13. Nxf6+ (13. Nxb4 Qb6 14. Bxf6
Bxf6 15. c3 a5 $44 (15... a5 {Ernst} 16. Nbc2 (16. Nd3 $2 Bxd4 17. cxd4 Qxd4
$15) 16... Nd7 $44)) 13... Bxf6 14. Bxf6 Qxf6 15. Qd2 a5 {[#]} 16. Nb5 Nc6 (
16... Qxb2 $2 17. e5 $18) 17. Nxd6 Rad8 18. Rad1 e5 (18... Qxb2 19. Qe3 Ba8 20.
e5 $16) 19. Re3 $6 (19. c3 $16) (19. Qd5 $5 {Ernst /\ 20.Nxb7} Ba8 20. Qc5 Nd4
21. Bxf7+ (21. Nc4 $6 Qg5 $1 $36 {/\ 22..Nf3+ /\ 22..Bxe4 23.Rxe4 Nxb3 ףc5,
צd1} (21... Nxb3 $2 22. cxb3 $14)) 21... Rxf7 22. Nxf7 Kxf7 23. f4 $6 (23.
Qxa5 $142 $13) 23... exf4 $1 $15) 19... Rxd6 20. Qxd6 Rd8 21. Red3 Rxd6 22.
Rxd6 {>< Bb7,>< f7} Qg5 $2 (22... Qh4 $1 {/\} 23. Rd7 Nd4 24. Bxf7+ Kf8 25.
Rxb7 Qxe4 26. Rc7 Qg4 27. Rf1 Ne2+ 28. Kh1 Nf4 29. Rg1 Nh3 $1 $10) 23. Rd7 Ba6
24. Rxf7 Kh8 {/\ 25..Nd4} 25. h4 Qxh4 26. Rdd7 {/\ 27.Rf8#} Qh6 27. Bd5 $2 (27.
g3 Qc1+ 28. Kg2 Bf1+ 29. Kh2 Qh6+ 30. Kg1 Bh3 31. Rb7 Bc8 32. Rbc7 Bh3 33. Bc4
$1 (33. Rxc6 $2 Qc1+ 34. Kh2 Qf1) 33... g5 34. Bf1 Bg4 35. f3 Nd8 36. Rxh7+
Qxh7 37. Rxh7+ Kxh7 38. fxg4 $18) (27. f4 exf4 28. Bd5 f3 29. Bxc6 Qe3+ 30. Kh2
Qh6+ 31. Kg3 $18) 27... Qc1+ 28. Kh2 Qh6+ 29. Kg1 1/2-1/2

[Event "Poikovsky Karpov 11th"]
[Site "Poikovsky"]
[Date "2010.06.09"]
[Round "7"]
[White "Naiditsch, Arkadij"]
[Black "Sutovsky, Emil"]
[Result "1-0"]
[WhiteElo "2686"]
[BlackElo "2661"]
[Annotator "Postny,E"]
[PlyCount "71"]
[EventDate "2010.06.02"]
[EventType "tourn"]
[EventRounds "11"]
[EventCountry "RUS"]
[EventCategory "18"]
[SourceTitle "CBM 137"]
[Source "ChessBase"]
[SourceDate "2010.07.15"]
[SourceVersion "1"]
[SourceVersionDate "2010.07.15"]
[SourceQuality "1"]

1. e4 c5 2. Nf3 d6 3. d4 cxd4 4. Nxd4 Nf6 5. Nc3 a6 6. h3 Nbd7 {I am quite
sceptical about this way of development. The plan of bringing the knight to c5
is a bit too slow. Probably, Emil wanted to avoid the dispute in the main
lines. Instead, Black has several reasonable ways to meet white's setup.} (6...
e5 7. Nde2 h5 (7... Be6 8. g4 d5 9. exd5 Nxd5 10. Bg2 Bb4 {is another
theoretical continuation. To my mind Black has little to complain about.}) 8.
Bg5 Be6 9. Bxf6 Qxf6 10. Nd5 Qd8 11. c3 Nd7 12. h4 Bxd5 13. Qxd5 Be7 14. g3 O-O
15. Bh3 Nf6 16. Qd3 b5 $11 {0-1 Naiditsch,A (2689)-Anand,V (2788)/Moscow 2009/
EXT 2010 (54)}) (6... e6 7. g4 d5 (7... b5 8. Bg2 Bb7 {leads to a sharp battle.
}) 8. exd5 Nxd5 9. Nde2 Bb4 10. Bg2 O-O {is another story, playable for Black
as well.}) 7. g4 h6 (7... Nc5 8. Bg2 e5 9. Nf5 g6 10. Ne3 $14 {[%csl Gd5]}) 8.
f4 e5 9. Nf5 Nc5 {[%csl Re4]} 10. Bg2 g6 11. Ng3 h5 $2 {The critical moment.
As far as I understand this position, Black should not allow f4-f5 which will
totally squeeze his position. Therefore, an exchange on f4 is necessary.} (
11... exf4 12. Bxf4 Ne6 13. Be3 Bg7 {White is slightly better, but the whole
fight is still ahead. Here are few sample lines:} 14. Qd2 h5 (14... Nd7 15.
O-O-O Ne5 {[%cal Ge5c4]} 16. b3 Qa5 17. Nge2 Qa3+ 18. Kb1 $16 {[%csl Rd6]}) 15.
g5 Nd7 16. O-O-O (16. Qxd6 $4 Be5 $19 {[%csl Rd6,Rg3]}) 16... Be5 17. Nge2 $14)
12. f5 $16 (12. fxe5 $6 {is not in the spirit of the position, but White has
an advantage even here.} dxe5 13. Qxd8+ Kxd8 14. Bg5 Be7 15. Rd1+ Ke8 16. O-O
Ncd7 17. gxh5 Nxh5 18. Nxh5 Rxh5 (18... Bxg5 $2 19. Ng7+ Ke7 (19... Kf8 20.
Ne6+ $18) 20. Nd5+ $18) 19. Bxe7 Kxe7 20. Nd5+ Kf8 21. Rd3 $36 {It's hard for
Black to complete the development of his queenside pieces.}) 12... h4 13. Nge2
d5 $6 {This is too much but, it's already hard to give Black any good advice.}
(13... b5 14. g5 Nh5 15. O-O Bb7 16. Nd5) (13... Rg8 14. O-O Bd7 15. Be3 Bc6
16. Nd5 {In both cases White's position is overwhelming.}) 14. fxg6 d4 (14...
fxg6 15. exd5 $18) 15. gxf7+ Kxf7 16. O-O {White has an extra pawn and a
decisive attack.} Kg6 17. Nd5 Bg7 (17... Ncxe4 18. Qd3 $1 {Not the only the
solution, but an elegant one.} Qxd5 19. Nc3 $1 dxc3 20. Rxf6+ Kxf6 21. Qxd5 $18
) 18. b4 Ncd7 19. Qd3 Nb6 20. Nxd4 $1 {The decisive strike.} Bd7 21. Nf5 (21.
g5 $1 {would have been more convincing. For instance:} Nh5 22. Qf3 Rf8 23. Nf5
Nxd5 24. Nxh4+ Kh7 25. Qxh5+ $18) 21... Bb5 22. Nde7+ Kf7 23. Qxd8 Rhxd8 {
The exchange of queens allowed Black to prolong the resistance.} 24. Rf2 Rd1+
25. Kh2 Bf8 26. g5 Bxe7 27. Nxe7 Kxe7 28. gxf6+ Kd6 29. f7 {This pawn decides
the outcome.} Nd7 30. Bf3 Re1 31. Bg4 Rf8 32. Bxd7 Kxd7 33. Bh6 Rxa1 34. Bxf8
Bc6 35. Bh6 Bxe4 36. Rg2 {The only way to prevent mate, but sufficient.} 1-0